Cuentos insulares: cuadros de la vida cubana
שמור ב:
| מחבר ראשי: | |
|---|---|
| פורמט: | ספר |
| שפה: | ספרדית |
| יצא לאור: |
Buenos Aires
Losada
1947
|
| סדרה: | Biblioteca contemporánea, 190
|
| נושאים: | |
| תגים: |
הוספת תג
אין תגיות, היה/י הראשונ/ה לתייג את הרשומה!
|
MARC
| LEADER | 00000nam a2200000 a 4500 | ||
|---|---|---|---|
| 001 | UCX3603 | ||
| 003 | CL-VaPUC | ||
| 008 | 911115e19470000AG |||||||||||||||||spa|d | ||
| 082 | 0 | 4 | |a Rd863 |b HEN |2 21 |
| 100 | |a Henríquez Ureña, Max |e author |9 420366 | ||
| 245 | 1 | 0 | |a Cuentos insulares: cuadros de la vida cubana |
| 300 | |a 156 p | ||
| 942 | |c BK | ||
| 945 | |d 19911115 00:00:00 | ||
| 260 | |a Buenos Aires |b Losada |c 1947 | ||
| 650 | 0 | |a Cuentos dominicanos |9 319782 | |
| 583 | |a last modification |c 19911115 00:00:00 |k Rodrigo Vera | ||
| 490 | 0 | |a Biblioteca contemporánea, 190 | |
| 999 | |c 224320 |d 224318 | ||
| 952 | |0 0 |1 0 |4 0 |6 RD_863_000000000000000_HEN_1947 |7 0 |8 A |9 220870 |a BIBEDU |b BIBEDU |d 2019-11-15 |i 2896109 |o Rd863 HEN 1947 |p 2896109 |r 2019-11-15 |w 2019-11-15 |y BK |k LIT | ||